Algebra lineal
Gespeichert in:
| 1. Verfasser: | |
|---|---|
| Format: | Buch |
| Sprache: | Spanisch |
| Veröffentlicht: |
Ciudad de México
McGraw-Hill Interamericana
2008
|
| Ausgabe: | 6a. ed |
| Schlagworte: | |
| Tags: |
Tag hinzufügen
Keine Tags, Fügen Sie den ersten Tag hinzu!
|
MARC
| LEADER | 00000nam a2200000 a 4500 | ||
|---|---|---|---|
| 001 | UCG3157 | ||
| 003 | CL-VaPUC | ||
| 008 | 100812e20080000MX |||||||||||||||||spa|d | ||
| 020 | |a 9789701065174 | ||
| 082 | 0 | 4 | |a 512.5 |b GRO |2 21 |
| 100 | |a Grossman S., Stanley I |e author |9 552075 | ||
| 245 | 1 | 0 | |a Algebra lineal |
| 250 | |a 6a. ed | ||
| 300 | |a 761 p | ||
| 942 | |c BK | ||
| 945 | |d 20100812 00:00:00 |a mfarfan | ||
| 260 | |a Ciudad de México |b McGraw-Hill Interamericana |c 2008 | ||
| 650 | 0 | |a Espacios vectoriales |9 21 | |
| 650 | 0 | |a Matrices |9 22 | |
| 650 | 0 | |a Transformaciones lineales |9 24 | |
| 650 | 0 | |a Ecuaciones lineales |9 342219 | |
| 583 | |a last modification |c 20100812 00:00:00 |k Rodrigo Vera | ||
| 999 | |c 342247 |d 342245 | ||
| 952 | |0 0 |1 0 |2 ddc |4 0 |6 512_500000000000000_GRO_2008 |7 0 |8 A |9 438338 |a BIBING |b BIBING |c RES |d 2019-11-22 |i 4706862 |l 12 |m 2 |o 512.5 GRO 2008 |p 4706862 |q 2025-05-15 |r 2025-04-25 |s 2025-04-25 |w 2019-11-22 |y BK |k ING | ||